Missing Word: Three-Word Movies by Actress Quiz Stats

 Plays Quiz Updated Dec 2, 2014

Challenge
Share
Tweet
Embed
Score 0/24 Timer 04:00
0 Plays Today
Hint Answer % Correct
Drew BarrymoreNever
95.4%
Drew BarrymoreHills
94.6%
Julia RobertsEat
94.2%
Drew BarrymoreFirst
94.1%
Drew BarrymoreWedding
91.1%
Julia RobertsSmile
90.2%
Jennifer AnistonPolly
87.7%
Julia RobertsPelican
85.2%
Jennifer AnistonMarley
81%
Meryl StreepDeath
77.4%
Julia RobertsCharlie
75.5%
Meryl StreepAfrica
73.8%
Hint Answer % Correct
Meryl StreepDeer
71.1%
Meryl StreepFantastic
66.7%
Meryl StreepIron
64.3%
Jennifer AnistonMillers
59.6%
Drew BarrymoreGoing
53.8%
Julia RobertsOsage
53.7%
Jennifer AnistonBreak
53.4%
Drew BarrymoreLyrics
47.5%
Jennifer AnistonGood
28.9%
Meryl StreepLambs
28.2%
Jennifer AnistonMoney
20.3%
Julia RobertsTrouble
13.1%

Today's Daily Dose

You're not logged in!

Compare scores with friends on all Sporcle quizzes.
Join for Free
OR
Log In

You Might Also Like...

Show Comments

Extras

Top Quizzes Today


Score Distribution

Your Account Isn't Verified!

In order to create a playlist on Sporcle, you need to verify the email address you used during registration. Go to your Sporcle Settings to finish the process.

Report this User

Report this user for behavior that violates our Community Guidelines.

Details: